Secular Challenge to Communal Politics (Record no. 19044)

MARC details
000 -LEADER
fixed length control field 00361nam a2200145 a 4500
082 00 - DEWEY DECIMAL CLASSIFICATION NUMBER
Classification number 320.954
Author Cutter RAM
100 ## - MAIN ENTRY--AUTHOR NAME
Author name Ram, P R
245 ## - TITLE STATEMENT
Title Secular Challenge to Communal Politics
260 ## - PUBLICATION, DISTRIBUTION, ETC. (IMPRINT)
Place of publication Mumbai
Name of publisher Vikas Adhyayan Kendra
Year of publication 0000
300 ## - PHYSICAL DESCRIPTION
Number of Pages 306p
500 ## - GENERAL NOTE
General note includes index and biblioraphy
650 ## - SUBJECT ADDED ENTRY--TOPICAL TERM
Topical Term Secularism-India
942 ## - ADDED ENTRY ELEMENTS (KOHA)
Koha item type Books
700 1# -
-- Ram, P R
Holdings
Collection code Home library Current library Date acquired Cost, normal purchase price Full call number Accession Number Koha item type
  Henry Martyn Institute Library Henry Martyn Institute Library 12/12/2008 100.00 211.6 RAM 11000862 Books
                   Copyright © 2026 | Henry Martyn Institute | Hyderabad | TS-500052 | INDIA | Implemented by hmi.edu.in
Hit-Count:

Powered by Koha